| 000 | 00967nam a2200217Ia 4500 | ||
|---|---|---|---|
| 999 |
_c39979 _d39979 |
||
| 001 | 6585 | ||
| 003 | GE_BSU | ||
| 005 | 20191209102031.0 | ||
| 008 | 181216s2005||||ge |||||||||||||| ||geo|| | ||
| 040 | _cGE_BSU | ||
| 041 | _ageo | ||
| 080 | _a821.353.1-7 ჯ-18 | ||
| 100 |
_aჯალაღონია, ნოდარ _95720 |
||
| 245 |
_aსინჯარის პოლიტიკოსები : _bწერილები, ინტერვიუები / _cრედ.-გამომც.: მურმან ზაქარაია ; რედ.: ჯემალ შონია |
||
| 264 |
_aთბილისი : _bზანი, _c2005. |
||
| 300 |
_a271 გვ. ; _b20 სმ. |
||
| 653 | _aმხატვრული ლიტერატურა | ||
| 700 |
_aზაქარაია, მურმან _eრედაქტორი _95714 |
||
| 700 |
_aშონია, ჯემალ _eრედაქტორი _95721 |
||
| 942 |
_cBK _2udc |
||